Escuelas en transformación: hacia una cultura de mejora continua

Saved in:
Bibliografiske detaljer
Main Authors: Zmuda, Allison (Author), Kuklis, Robert (Author), Kline, Everett (Author)
Format: Bog
Sprog:spansk
Udgivet: Buenos Aires Paidós 2006
Udgivelse:1a. ed
Serier:Redes en Educación, 10
Fag:
Tags: Tilføj Tag
Ingen Tags, Vær først til at tagge denne postø!

MARC

LEADER 00000nam a2200000 a 4500
001 UCJ1977
003 CL-VaPUC
008 061124e20060000AG |||||||||||||||||spa|d
020 |a 9501255107 
082 0 4 |a 306.43  |b ZMU  |2 21 
100 0 |a Zmuda, Allison  |e author  |9 502818 
700 0 |a Kuklis, Robert  |e author  |9 502819 
700 0 |a Kline, Everett  |e author  |9 502820 
245 1 0 |a Escuelas en transformación: hacia una cultura de mejora continua 
250 |a 1a. ed 
300 |a 240 p 
942 |c BK 
945 |d 20061124 00:00:00  |a cmena 
260 |a Buenos Aires  |b Paidós  |c 2006 
650 0 |a Sociología de la educación   |9 260380 
650 0 |a Desarrollo cultural  |9 267526 
650 7 |a FORMACION PROFESIONAL DE PROFESORE  |2 CL-VaPUC  |9 502821 
650 0 |a Calidad de la educación   |9 307271 
583 |a last modification  |c 20061124 00:00:00  |k Rodrigo Vera 
490 0 |a Redes en Educación, 10 
999 |c 318403  |d 318401 
952 |0 0  |1 0  |4 0  |6 306_430000000000000_ZMU_2006  |7 0  |8 A  |9 396177  |a BIBEDU  |b BIBEDU  |d 2019-11-22  |i 4267745  |o 306.43 ZMU 2006  |p 4267745  |r 2019-11-22  |w 2019-11-22  |y BK  |k EDU